Đánh giá hiện trạng và đề xuất giải pháp kiểm soát phát thải khí lò hơi tại các khu công nghiệp tỉnh Tây Ninh: Luận văn thạc sĩ - Chuyên ngành: Quản lý tài nguyên và Môi trường

Shranjeno v:
Bibliografske podrobnosti
Glavni avtor: Nguyễn, Trần Bảo Trường
Format: Luận văn
Jezik:Undetermined
Izdano: Đại học Công Nghiệp TP. Hồ Chí Minh 2021
Teme:
Online dostop:https://opac.iuh.edu.vn/TraCuuTaiLieuSo2XemChiTiet.aspx?Id=114397
Oznake: Označite
Brez oznak, prvi označite!
Thư viện lưu trữ: Trung tâm Thư viện - Trường Đại học Công nghiệp TP. Hồ Chí Minh
LEADER 00879nam a2200169Ia 4500
001 UIH_02158
008 230809s9999 xx 000 0 und d
082 |a 628.53 
100 |a Nguyễn, Trần Bảo Trường 
245 0 |a Đánh giá hiện trạng và đề xuất giải pháp kiểm soát phát thải khí lò hơi tại các khu công nghiệp tỉnh Tây Ninh: Luận văn thạc sĩ - Chuyên ngành: Quản lý tài nguyên và Môi trường 
245 0 |c Nguyễn, Trần Bảo Trường 
260 |b Đại học Công Nghiệp TP. Hồ Chí Minh 
260 |c 2021 
650 |a Quản lý môi trường; 
856 |u https://opac.iuh.edu.vn/TraCuuTaiLieuSo2XemChiTiet.aspx?Id=114397 
927 |a Luận văn 
980 |a Trung tâm Thư viện - Trường Đại học Công nghiệp TP. Hồ Chí Minh